El paradigma de desarrollo regional basado en la cooperación publico-privada : (Registro nro. 8593)

Detalles MARC
000 -LEADER
fixed length control field 01465nam a2200241Ia 4500
003 - CONTROL NUMBER IDENTIFIER
control field OSt
005 - DATE AND TIME OF LATEST TRANSACTION
control field 20211102104111.0
008 - FIXED-LENGTH DATA ELEMENTS--GENERAL INFORMATION
fixed length control field 210310s2000 cl ad fr 000 0 spa d
040 ## - CATALOGING SOURCE
Original cataloging agency CO-JMCR
Transcribing agency CO-JMCR
041 0# - LANGUAGE CODE
Language code of text/sound track or separate title spa
082 04 - DEWEY DECIMAL CLASSIFICATION NUMBER
Classification number 338.97216 /
Item number R934p
Edition number 23
100 1# - MAIN ENTRY--PERSONAL NAME
Personal name Ruiz Durán, Clemente,
9 (RLIN) 17724
Relator term autor
245 13 - TITLE STATEMENT
Title El paradigma de desarrollo regional basado en la cooperación publico-privada :
Remainder of title el caso de Chihuahua, México /
Statement of responsibility, etc. Clemente Ruiz Durán
260 ## - PUBLICATION, DISTRIBUTION, ETC.
Place of publication, distribution, etc. Santiago de Chile :
Name of publisher, distributor, etc. Comisión Económica para América Latina y el Caribe,
Date of publication, distribution, etc. 2000
300 ## - PHYSICAL DESCRIPTION
Extent iii, 58 páginas :
Other physical details ilustraciones y gráficas a blanco y negro ;
Dimensions 28 cm.
490 0# - SERIES STATEMENT
Series statement Proyecto Cepal/GTZ "Desarrollo económico local y descentralización en América Latina"
504 ## - BIBLIOGRAPHY, ETC. NOTE
Bibliography, etc. note Bibliografía: páginas 57-58
505 0# - FORMATTED CONTENTS NOTE
Formatted contents note Una iniciativa de desarrollo económico local basado en la cooperación pública privada -- Un territorio vasto: reconformando la geografía económica -- Alianzas y cooperación público-privada en torno a la iniciativa de desarrollo económico local -- Descentralización de instrumentos -- Conclusiones o elementos de una agenda de fortalecimiento de la descentralización
650 14 - SUBJECT ADDED ENTRY--TOPICAL TERM
Topical term or geographic name entry element Planificación regional
9 (RLIN) 17726
General subdivision Aspectos económicos
Geographic subdivision Chihuahua (México)
650 24 - SUBJECT ADDED ENTRY--TOPICAL TERM
Topical term or geographic name entry element Desarrollo económico
Geographic subdivision Chihuahua (México)
9 (RLIN) 40695
650 24 - SUBJECT ADDED ENTRY--TOPICAL TERM
Topical term or geographic name entry element Descentralización administrativa
General subdivision Aspectos económicos
Geographic subdivision Chihuahua (México)
9 (RLIN) 40696
942 ## - ADDED ENTRY ELEMENTS (KOHA)
Source of classification or shelving scheme Dewey Decimal Classification
Koha item type Books
Existencias
Withdrawn status Lost status Source of classification or shelving scheme Damaged status Not for loan Collection code Home library Current library Date acquired Source of acquisition Full call number Barcode Date last seen Copy number Koha item type
    Dewey Decimal Classification     Non-fiction Biblioteca Pública José María del Castillo y Rada Biblioteca Pública José María del Castillo y Rada 04/15/2018 Donación 338.97216 / R934p 430005128 05/16/2024 Ej.1 Books